[Event "12th American Continental"]
[Site "Medellin COL"]
[Date "2017.06.15"]
[Round "8.1"]
[White "Bruzon Batista,L"]
[Black "Cori,J"]
[Result "0-1"]
[WhiteElo "2650"]
[BlackElo "2618"]

1.e4 c5 2.Nf3 e6 3.d4 cxd4 4.Nxd4 Nc6 5.Nc3 Qc7 6.Qd3 Nxd4 7.Qxd4 a6 8.Be3 b5
9.f3 Ne7 10.O-O-O Nc6 11.Qd2 d6 12.h4 Rb8 13.Kb1 Bd7 14.h5 h6 15.Bd3 b4 16.Ne2
a5 17.f4 a4 18.Rc1 Be7 19.g4 Bf6 20.Rhg1 Be7 21.Rcf1 Rf8 22.f5 Ne5 23.g5 b3
24.cxb3 axb3 25.Nc3 bxa2+ 26.Ka1 hxg5 27.Bxg5 Bf6 28.Bxf6 gxf6 29.fxe6 fxe6
30.Rg7 Qb6 31.Be2 Rf7 32.h6 Ke7 33.Nd1 Rxg7 34.hxg7 Ba4 35.Nc3 Bc6 36.Bh5 Nc4
37.Qg2 Rg8 38.Nd5+ exd5 39.exd5 Bxd5 40.Re1+ Kd8 {#R} 0-1

[Event "12th American Continental"]
[Site "Medellin COL"]
[Date "2017.06.15"]
[Round "8.3"]
[White "Shabalov,A"]
[Black "Iturrizaga,E"]
[Result "0-1"]
[WhiteElo "2556"]
[BlackElo "2663"]

1.e4 c5 2.Nf3 e6 3.d4 cxd4 4.Nxd4 Nc6 5.Nc3 Qc7 6.Be3 Nf6 7.Bd3 a6 8.O-O Bd6
9.h3 O-O 10.Nde2 b5 11.f4 Be7 12.e5 Ne8 13.Ng3 g6 14.a4 bxa4 15.Nxa4 Rb8 16.c3
d6 17.exd6 Nxd6 18.Qe2 a5 19.Ne4 Nf5 20.Bc5 Rd8 21.Rf2 Bh4 22.Rf3 Ng7 23.Bb5
f5 24.Nf2 Ne7 25.Ba6 Bd7 26.Bd4 Bc6 27.Qc4 Rxd4 28.cxd4 Qa7 29.Nc5 Bxf3
30.gxf3 Bxf2+ 31.Kxf2 Rxb2+ 32.Kg1 Rb4 33.Qa2 Rxd4 34.Qxa5 Rd5 35.Rc1 Nh5
36.Qb5 Kf7 37.Bb7 Qa3 {#R} 0-1

[Event "12th American Continental"]
[Site "Medellin COL"]
[Date "2017.06.15"]
[Round "8.6"]
[White "Sevian,Samuel"]
[Black "Vasquez Schroeder,R"]
[Result "1-0"]
[WhiteElo "2601"]
[BlackElo "2553"]

1.e4 c5 2.Nf3 d6 3.d4 cxd4 4.Nxd4 Nf6 5.Nc3 Nc6 6.Bg5 e6 7.Qd2 a6 8.O-O-O h6
9.Nxc6 bxc6 10.Bf4 d5 11.Qe3 Bb4 12.Be2 O-O 13.e5 Nh7 14.Ne4 f5 15.exf6 Nxf6
16.Nxf6+ Qxf6 17.Be5 Bc5 18.Qc3 Qxf2 19.Bd3 Ra7 20.Kb1 Bb6 21.Qb4 a5 22.Qg4
Qe3 23.Qg6 Qxe5 24.Rhf1 Rff7 25.Qh7+ Kf8 26.Qh8+ Ke7 27.Rxf7+ {#r} 1-0

[Event "12th American Continental"]
[Site "Medellin COL"]
[Date "2017.06.15"]
[Round "8.10"]
[White "Erenburg,S"]
[Black "Cruz,Cr"]
[Result "1-0"]
[WhiteElo "2550"]
[BlackElo "2558"]

1.e4 e6 2.d4 d5 3.Nd2 Be7 4.e5 c5 5.c3 Nc6 6.Bd3 Nh6 7.Ndf3 cxd4 8.cxd4 Nf5
9.Ne2 Qb6 10.O-O Bd7 11.Kh1 Rc8 12.Rb1 Nb4 13.Bxf5 exf5 14.Nc3 Be6 15.Bg5 Bf8
16.a3 Nc6 17.b4 h6 18.Bd2 Be7 19.b5 Nb8 20.Na4 Qd8 21.Nc5 Rc7 22.Bb4 O-O
23.Rc1 b6 24.Nxe6 fxe6 25.Qd2 Rf7 26.g3 Bxb4 27.Qxb4 Qc8 28.Qb2 a6 29.a4 axb5
30.axb5 Kh7 31.h4 Rfd7 32.Kg2 Qe8 33.Rxc7 Rxc7 34.Rc1 Rxc1 35.Qxc1 Qd7 36.h5
g5 37.hxg6+ Kxg6 38.Ng1 Kg7 39.Nh3 Qd8 40.Nf4 Kf7 41.Nh5 Kg6 42.Nf6 Nd7 43.Qc6
{#r} 1-0

[Event "12th American Continental"]
[Site "Medellin COL"]
[Date "2017.06.15"]
[Round "8.11"]
[White "Vera Siguenas,D"]
[Black "Zapata,Alo"]
[Result "0-1"]
[WhiteElo "2526"]
[BlackElo "2420"]

1.e4 c5 2.Nf3 e6 3.d4 cxd4 4.Nxd4 Nc6 5.Nc3 Qc7 6.g3 d6 7.Bg2 a6 8.O-O Be7
9.Re1 Nxd4 10.Qxd4 Nf6 11.a4 O-O 12.a5 e5 13.Qd3 Be6 14.Be3 Rac8 15.Rec1 Qc6
16.Qd2 Bd8 17.h3 b5 18.axb6 Bxb6 19.Bxb6 Qxb6 20.Nd5 Bxd5 21.exd5 Qxb2 22.Rxa6
Rfd8 23.Rc6 Kf8 24.Qe3 Rb8 25.Rd1 h6 26.Rd3 Rb4 27.Ra3 e4 28.c4 Qc2 29.Kh2 Rb2
30.Ra7 Kg8 31.Rcc7 Rf8 32.Re7 Qxc4 33.Bxe4 Qf1 {#R} 0-1

[Event "12th American Continental"]
[Site "Medellin COL"]
[Date "2017.06.15"]
[Round "8.14"]
[White "Zavarce,Oscar Enrique"]
[Black "Cuartas,Ja"]
[Result "0-1"]
[WhiteElo "2364"]
[BlackElo "2492"]

1.c4 c5 2.Nf3 Nc6 3.d4 cxd4 4.Nxd4 e5 5.Nb5 Bb4+ 6.Bd2 Bc5 7.Be3 Bxe3 8.fxe3
Kf8 9.g3 h5 10.Bg2 h4 11.N1c3 Nf6 12.Qd2 Ne8 13.Rf1 d6 14.O-O-O Be6 15.Nxd6
Nxd6 16.Qxd6+ Qxd6 17.Rxd6 Ke7 18.c5 Rac8 19.Bd5 Nd8 20.b4 Bh3 21.Rd1 b6
22.Bc4 Nb7 23.R6d2 bxc5 24.b5 Rh6 25.Bd5 Nd6 26.e4 Bg4 27.a4 hxg3 28.hxg3 Rh3
29.Bc6 Rxg3 30.Nd5+ Kf8 31.Nf6 Nc4 32.Nd7+ Ke7 33.Rd3 Rxd3 34.Rxd3 Bxe2 35.Rc3
Kd6 36.Rg3 Rh8 37.Rxg7 Bd3 38.Rg1 Rh2 39.Rd1 Rc2+ 40.Kb1 Nd2+ 41.Ka1 Nb3+ {#R}
0-1

[Event "12th American Continental"]
[Site "Medellin COL"]
[Date "2017.06.15"]
[Round "8.15"]
[White "Echavarria,J"]
[Black "Hungaski,R"]
[Result "0-1"]
[WhiteElo "2309"]
[BlackElo "2492"]

1.e4 e5 2.Nf3 Nc6 3.Bb5 a6 4.Ba4 Nf6 5.O-O Be7 6.Re1 b5 7.Bb3 d6 8.c3 O-O 9.h3
Na5 10.Bc2 c5 11.d4 Qc7 12.d5 Bd7 13.b3 Nb7 14.Nbd2 c4 15.b4 a5 16.a3 Ra6
17.Rb1 axb4 18.cxb4 g6 19.Ra1 Nh5 20.Nb1 Ng7 21.Nc3 Rfa8 22.Bb2 f6 23.Qd2 Qb6
24.Ra2 Nd8 25.Rea1 Nf7 26.Bc1 f5 27.Qd1 f4 28.a4 Ne8 29.axb5 Rxa2 30.Rxa2 Rxa2
31.Nxa2 Qxb5 32.Qd2 g5 33.Qc3 h5 34.Nd2 g4 35.hxg4 hxg4 36.Nxc4 Nf6 37.Na5 Nh5
38.Qd3 Qb6 39.Bb3 Bh4 40.Qc2 g3 41.Bc4 gxf2+ 42.Kh2 Bg3+ 43.Kh1 Qd8 {#R} 0-1

[Event "12th American Continental"]
[Site "Medellin COL"]
[Date "2017.06.15"]
[Round "8.16"]
[White "Pulvett,D"]
[Black "Herrera,Jua"]
[Result "1-0"]
[WhiteElo "2437"]
[BlackElo "2220"]

1.d4 Nf6 2.c4 g6 3.Nc3 d5 4.Nf3 Bg7 5.e3 O-O 6.b4 c6 7.a4 Nbd7 8.cxd5 Nxd5
9.Nxd5 cxd5 10.a5 e5 11.Be2 e4 12.Nd2 Qg5 13.g3 Nf6 14.h3 h5 15.b5 Rd8 16.Ba3
Ne8 17.Rc1 h4 18.g4 f5 19.Qb3 Kh7 20.f4 exf3 21.Nxf3 Qf6 22.g5 Qe6 23.Nxh4 Nd6
24.Ng2 Nc4 25.Rxc4 dxc4 26.Bxc4 Qe4 27.O-O a6 28.Rf4 axb5 29.Rxe4 fxe4 30.Qxb5
Bxh3 31.Nf4 Bf5 32.Qb2 {#r} 1-0

[Event "12th American Continental"]
[Site "Medellin COL"]
[Date "2017.06.15"]
[Round "8.17"]
[White "Fernandez,Fe"]
[Black "Chumpitaz,A"]
[Result "1-0"]
[WhiteElo "2416"]
[BlackElo "2163"]

1.e4 c5 2.Nf3 e6 3.d4 cxd4 4.Nxd4 Nc6 5.Nc3 Qc7 6.Be3 Nf6 7.f4 Nxd4 8.Bxd4 Bb4
9.Qf3 O-O 10.O-O-O a6 11.Bd3 d6 12.Qg3 Ne8 13.e5 d5 14.Qh3 f5 15.g4 Bc5 16.Ne2
b5 17.Rhg1 b4 18.gxf5 exf5 19.Rg5 Be6 20.Rdg1 Rc8 21.Qh6 Qe7 22.Rh5 g6 23.Bxc5
Rxc5 24.Rxg6+ Kh8 {#r} 1-0

[Event "12th American Continental"]
[Site "Medellin COL"]
[Date "2017.06.15"]
[Round "8.19"]
[White "Avila Pavas,Santiago"]
[Black "Pichot,A"]
[Result "0-1"]
[WhiteElo "2056"]
[BlackElo "2577"]

1.d4 Nf6 2.Bf4 g6 3.e3 d6 4.Nf3 Nh5 5.Bg5 h6 6.Bh4 g5 7.Nfd2 Ng7 8.Bg3 Nf5
9.Bd3 h5 10.Bxf5 Bxf5 11.h4 g4 12.Nc3 Bg7 13.O-O Nd7 14.e4 Bg6 15.Nb3 e5 16.f4
gxf3 17.Rxf3 c6 18.Qd3 exd4 19.Nxd4 Qb6 20.Bf2 Ne5 21.Nf5 Bxf5 22.Bxb6 Nxd3
23.Rxd3 axb6 24.exf5 d5 25.a3 Bf6 26.Re1+ Kf8 27.g3 Rg8 28.Kf2 Rg4 29.Nd1 Ra5
30.Rf3 Rb5 31.b4 Rc4 32.c3 d4 33.cxd4 Bxd4+ 34.Kf1 Re5 35.Rxe5 Bxe5 36.Kg2
Rc2+ 37.Rf2 Rc1 38.Rd2 c5 39.Kf3 Ra1 40.bxc5 bxc5 41.Ne3 Rxa3 42.Ke4 Bd4
43.Nd5 Rxg3 44.f6 Rg1 45.Re2 Rf1 {#R} 0-1

[Event "12th American Continental"]
[Site "Medellin COL"]
[Date "2017.06.15"]
[Round "8.21"]
[White "Mekhitarian,K"]
[Black "Garcia,Gild"]
[Result "1-0"]
[WhiteElo "2542"]
[BlackElo "2396"]

1.d4 Nf6 2.c4 e6 3.Nf3 Bb4+ 4.Nbd2 Nc6 5.a3 Bxd2+ 6.Qxd2 d6 7.b4 a6 8.Bb2 Qe7
9.e3 O-O 10.Be2 e5 11.b5 axb5 12.cxb5 Na5 13.dxe5 dxe5 14.Qb4 Qe6 15.Nxe5 Nd5
16.Qh4 f6 17.Nf3 Nb6 18.O-O Nac4 19.Bd4 Bd7 20.Rfc1 Rfc8 21.Bd3 h6 22.Bxf6
Bxb5 23.Bc3 c5 24.Ng5 {#r} 1-0

[Event "12th American Continental"]
[Site "Medellin COL"]
[Date "2017.06.15"]
[Round "8.23"]
[White "Sanchez L,S"]
[Black "Rios,Cr"]
[Result "1-0"]
[WhiteElo "2388"]
[BlackElo "2499"]

1.d4 Nf6 2.c4 e6 3.Nc3 Bb4 4.Qc2 d5 5.cxd5 exd5 6.Bg5 h6 7.Bh4 c5 8.dxc5 Nc6
9.e3 g5 10.Bg3 Ne4 11.Bd3 Nxg3 12.hxg3 Be6 13.Ne2 Bxc5 14.O-O-O Rc8 15.Bf5 Nb4
16.Qa4+ Nc6 17.g4 Kf8 18.Nxd5 Bxd5 19.Bxc8 Nb4 20.Bxb7 Bxe3+ 21.Kb1 Qb6
22.Rxd5 Qxb7 23.Re5 {#r} 1-0

[Event "12th American Continental"]
[Site "Medellin COL"]
[Date "2017.06.15"]
[Round "8.25"]
[White "Valenzuela Gomez,F"]
[Black "Arenas,D"]
[Result "1-0"]
[WhiteElo "2377"]
[BlackElo "2488"]

1.d4 g6 2.c4 Bg7 3.Nc3 d6 4.e4 e5 5.Nf3 exd4 6.Nxd4 Ne7 7.Be3 Nbc6 8.h4 h5
9.Qd2 O-O 10.Be2 Nxd4 11.Bxd4 Bxd4 12.Qxd4 c5 13.Qd2 Nc6 14.O-O-O Nd4 15.Nb5
Nxb5 16.cxb5 Be6 17.Kb1 Qf6 18.f4 Rad8 19.Bf3 Kg7 20.g3 Bc4 21.g4 hxg4 22.Bxg4
Bxb5 23.h5 Rh8 24.Rhg1 Bc6 25.Bf3 Kf8 26.hxg6 fxg6 27.Rg5 Rh4 28.f5 Rxe4
29.Rxg6 Qh4 30.Bxe4 Bxe4+ 31.Ka1 Bxf5 32.Rg5 Be6 33.Rf1+ Ke8 34.Re1 Kf7
35.Rxe6 Kxe6 36.Qd5+ Ke7 37.Rg7+ Kf6 38.Rf7+ {#r} 1-0

[Event "12th American Continental"]
[Site "Medellin COL"]
[Date "2017.06.15"]
[Round "8.33"]
[White "Panesso Rivera,H"]
[Black "Sanchez Castillo,S"]
[Result "1-0"]
[WhiteElo "2421"]
[BlackElo "2154"]

1.d4 d5 2.c4 c6 3.Nf3 Nf6 4.Nc3 dxc4 5.a4 Bf5 6.e3 e6 7.Bxc4 Nbd7 8.O-O Bd6
9.Qe2 Ne4 10.h3 O-O 11.Nxe4 Bxe4 12.Nd2 Bg6 13.e4 Qh4 14.f4 Rae8 15.Nf3 Qd8
16.Qc2 h6 17.a5 c5 18.Ne5 Bh7 19.Bb5 Bxe5 20.dxe5 Qc7 21.Be3 Rd8 22.Rfd1 b6
23.b4 f6 24.Qc4 Kf7 25.f5 Rfe8 26.exf6 Kxf6 27.Bd4+ Kf7 {#r} 1-0

[Event "12th American Continental"]
[Site "Medellin COL"]
[Date "2017.06.15"]
[Round "8.37"]
[White "Salcedo,Pablo Esteban"]
[Black "Fernandez,Li"]
[Result "0-1"]
[WhiteElo "2103"]
[BlackElo "2402"]

1.d4 Nf6 2.c4 g6 3.Nc3 Bg7 4.e4 d6 5.Nf3 O-O 6.Be2 e5 7.Be3 Ng4 8.Bg5 f6 9.Bh4
Nc6 10.d5 Ne7 11.Nd2 Nh6 12.O-O g5 13.Bg3 Ng6 14.b4 Nf4 15.Bxf4 exf4 16.Rc1 g4
17.c5 f5 18.cxd6 cxd6 19.exf5 Bxf5 20.Re1 g3 21.hxg3 fxg3 22.fxg3 Qg5 23.Nf1
Be5 24.Bf3 Rae8 25.Ne4 Qg7 26.Nh2 Kh8 27.Qb3 Bxe4 28.Bxe4 Bxg3 29.Re2 Bxh2+
30.Kxh2 Ng4+ {#R} 0-1

[Event "12th American Continental"]
[Site "Medellin COL"]
[Date "2017.06.15"]
[Round "8.38"]
[White "Panjwani,R"]
[Black "Franco Valencia,B"]
[Result "1-0"]
[WhiteElo "2404"]
[BlackElo "2173"]

1.Nf3 g6 2.e4 d6 3.c4 Bg7 4.d4 Nd7 5.Nc3 e5 6.Be2 Ne7 7.O-O O-O 8.Be3 h6
9.dxe5 dxe5 10.Qd2 Kh7 11.Rad1 f5 12.exf5 Nxf5 13.Bc5 Re8 14.Qc2 Qf6 15.Nd5
Qf7 16.Be3 Nf6 17.Nxf6+ Qxf6 18.Qa4 Be6 19.Qb5 b6 20.Qc6 Qe7 21.Bd3 Rad8
22.Be4 Nxe3 23.fxe3 Bf5 24.Bxf5 gxf5 25.e4 Rxd1 26.Rxd1 Rd8 27.Rxd8 Qxd8
28.exf5 Qd1+ 29.Kf2 Qc2+ 30.Ke3 Qc1+ 31.Nd2 Qe1+ 32.Kd3 e4+ 33.Qxe4 Qxe4+
34.Kxe4 Bxb2 35.Kd5 h5 36.Ke6 Kg7 37.Ne4 h4 38.f6+ Kg6 39.f7 {#r} 1-0

[Event "12th American Continental"]
[Site "Medellin COL"]
[Date "2017.06.15"]
[Round "8.39"]
[White "Mosquera,M"]
[Black "Valle,E"]
[Result "1-0"]
[WhiteElo "2391"]
[BlackElo "2155"]

1.e4 c5 2.Nf3 e6 3.d4 cxd4 4.Nxd4 Nf6 5.Nc3 d6 6.g4 a6 7.g5 Nfd7 8.Be3 Nc6
9.Qd2 Nde5 10.O-O-O Be7 11.f4 Nd7 12.h4 Qa5 13.Kb1 Nxd4 14.Qxd4 e5 15.Qd5 Qxd5
16.Nxd5 Bd8 17.Bh3 O-O 18.f5 Nc5 19.Nc3 Bc7 20.b4 Nd7 21.Nd5 Bd8 22.Rhg1 Kh8
23.Rd3 a5 24.a3 Ra6 25.Rgd1 Rc6 26.Rc3 axb4 27.axb4 Kg8 28.Bf1 Nb8 29.Ra3 Nd7
30.Bb5 Ra6 31.Bxa6 bxa6 32.Kb2 g6 33.f6 Bb7 34.Ne7+ Bxe7 35.fxe7 Re8 36.Rxd6
Rxe7 37.Rad3 Bc8 38.Rc3 {#r} 1-0

[Event "12th American Continental"]
[Site "Medellin COL"]
[Date "2017.06.15"]
[Round "8.41"]
[White "Saladen,R"]
[Black "Ruiz C,J"]
[Result "0-1"]
[WhiteElo "2155"]
[BlackElo "2367"]

1.d4 Nf6 2.Nf3 e6 3.c4 b6 4.a3 Ba6 5.Qc2 c5 6.d5 exd5 7.cxd5 g6 8.Nc3 Bg7 9.g3
O-O 10.Bg2 d6 11.O-O b5 12.b4 Nbd7 13.Bb2 Rc8 14.Qd3 Nb6 15.Nd2 Ng4 16.Ra2 Ne5
17.Qb1 f5 18.e3 Qd7 19.Ne2 g5 20.Bxe5 dxe5 21.bxc5 Rxc5 22.Nb3 Rcc8 23.Rc1 Nc4
24.Nc3 g4 25.a4 b4 26.Nb5 Bxb5 27.axb5 Na3 28.Qd3 e4 29.Qd1 Rxc1 30.Nxc1 Qxb5
31.Qb3 Rc8 32.d6+ Kh8 33.Ne2 a5 34.Bf1 a4 35.Qf7 Rf8 36.Qe7 Qe8 37.Rd2 b3
38.Nf4 b2 39.Ne6 Bf6 40.Qxe8 Rxe8 41.Rxb2 Rxe6 42.d7 Rd6 43.Ra2 Nb1 44.Rxa4
Rxd7 45.Ra5 Rd1 46.Kg2 Nd2 47.Rd5 Bc3 48.Bb5 Kg7 49.Rxf5 Nf3 50.Bf1 {#R} 0-1

[Event "12th American Continental"]
[Site "Medellin COL"]
[Date "2017.06.15"]
[Round "8.42"]
[White "Benitez Rodriguez,C"]
[Black "Aranha Filho,A"]
[Result "0-1"]
[WhiteElo "2144"]
[BlackElo "2355"]

1.d4 Nf6 2.c4 e6 3.Nf3 c5 4.d5 b5 5.dxe6 fxe6 6.cxb5 d5 7.Bg5 Nbd7 8.e4 dxe4
9.Nfd2 Be7 10.Nc3 Bb7 11.Bc4 Ne5 12.O-O Bd5 13.Qe2 O-O 14.Rad1 Nxc4 15.Nxc4
Qe8 16.Bxf6 Bxf6 17.Nd6 Qg6 18.Nxd5 exd5 19.Rxd5 Bd4 20.Qxe4 Qxe4 21.Nxe4 Rae8
22.Ng3 Rf4 23.Rf5 Rxf5 24.Nxf5 Bxb2 25.Rd1 c4 26.Ne3 c3 27.Kf1 Rxe3 28.fxe3 c2
29.Ke2 cxd1=Q+ 30.Kxd1 Be5 31.h3 Kf7 32.Kc2 Ke6 33.a4 Bc7 34.Kb3 Kd5 35.Kb4
Bb6 {#R} 0-1

[Event "12th American Continental"]
[Site "Medellin COL"]
[Date "2017.06.15"]
[Round "8.43"]
[White "Cardoso Cardoso,Jose Gabriel"]
[Black "Blandon,L"]
[Result "1-0"]
[WhiteElo "2134"]
[BlackElo "2269"]

1.d4 Nf6 2.c4 g6 3.Nc3 Bg7 4.e4 d6 5.f3 O-O 6.Be3 a6 7.Qd2 Nc6 8.Nge2 Rb8
9.Nc1 e6 10.Be2 Re8 11.O-O e5 12.Nb3 exd4 13.Nxd4 Nxd4 14.Bxd4 Be6 15.Rad1 Nd7
16.f4 f5 17.exf5 gxf5 18.Bxg7 Kxg7 19.Bh5 Rf8 20.Rfe1 Bf7 21.Qd4+ Qf6 22.Re7
Rbd8 23.Nd5 Qxd4+ 24.Rxd4 Nf6 25.Bxf7 Rxf7 26.Rxc7 Rxc7 27.Nxc7 Rc8 28.Ne6+
Kg6 29.Ng5 b5 30.b3 h6 31.Nf3 bxc4 32.bxc4 Ne4 33.Nh4+ Kf6 34.g4 Rg8 35.h3 h5
36.Nxf5 hxg4 37.Nh6 Rg6 38.hxg4 {#r} 1-0

[Event "12th American Continental"]
[Site "Medellin COL"]
[Date "2017.06.15"]
[Round "8.45"]
[White "Gonzalez Lopez,Nicolas Mateo"]
[Black "Vittorino,C"]
[Result "1-0"]
[WhiteElo "2127"]
[BlackElo "2257"]

1.e4 e5 2.Nf3 Nc6 3.Bb5 a6 4.Ba4 d6 5.c3 f5 6.d4 fxe4 7.Ng5 exd4 8.Nxe4 Nf6
9.Nxf6+ Qxf6 10.O-O Bd7 11.cxd4 Nxd4 12.Bxd7+ Kxd7 13.Qg4+ Nf5 14.Nc3 Re8
15.Be3 c6 16.Rac1 d5 17.Rfd1 Ke6 18.Nxd5 cxd5 19.Rxd5 Kxd5 20.Qc4+ Kd6 21.Rd1+
Ke7 22.Qc7+ Ke6 23.Qd7+ {#r} 1-0

[Event "12th American Continental"]
[Site "Medellin COL"]
[Date "2017.06.15"]
[Round "8.46"]
[White "Del Castilho,M"]
[Black "Chang,S"]
[Result "1-0"]
[WhiteElo "2254"]
[BlackElo "2127"]

1.e4 c5 2.Nf3 e6 3.d4 cxd4 4.Nxd4 Nc6 5.Nc3 Qc7 6.g3 a6 7.Bg2 d6 8.O-O Bd7
9.Nb3 Nf6 10.f4 Be7 11.Be3 O-O 12.g4 d5 13.g5 Nxe4 14.Nxe4 dxe4 15.Bxe4 Nb4
16.Qh5 g6 17.Qh6 Rfd8 18.Rf3 Bf8 19.Qh4 Bc6 20.Bxc6 Nxc6 21.Nd2 Nd4 22.Rh3 h5
23.gxh6 Be7 24.Qf2 Nf5 25.Bb6 Qxc2 26.Bxd8 Bc5 27.h7+ Kh8 28.Bf6+ Ng7 29.Bd4
{#r} 1-0

[Event "12th American Continental"]
[Site "Medellin COL"]
[Date "2017.06.15"]
[Round "8.48"]
[White "Cortes Orihuela,Javier"]
[Black "Puppi Lazo,Jorge Luis"]
[Result "1-0"]
[WhiteElo "2235"]
[BlackElo "2120"]

1.d4 Nf6 2.c4 e6 3.g3 d5 4.Nf3 Be7 5.Bg2 O-O 6.O-O dxc4 7.Qc2 a6 8.a4 Bd7
9.Qxc4 Bc6 10.Bf4 Bd6 11.Qc1 Nbd7 12.Nc3 Nb6 13.Bg5 Nbd5 14.Nxd5 Bxd5 15.Qb1
Be7 16.Bxf6 Bxf6 17.e4 Bc6 18.Rd1 Qd7 19.b3 Rfd8 20.Ra2 b5 21.a5 b4 22.Bf1 Bb5
23.Bxb5 Qxb5 24.Rc2 Qxa5 25.Rc6 Rd7 26.Qc2 Rb8 27.Qc4 Qb5 28.Rxc7 Rxc7 29.Qxc7
g6 30.Rc1 Qb7 31.Qf4 Bd8 32.Ne5 g5 33.Qf3 Kg7 34.d5 exd5 35.exd5 f6 36.Nc6 Rc8
37.Re1 a5 38.Re6 Qf7 39.Qe3 Qd7 40.Qe4 a4 41.Nxd8 Qxd8 42.Re7+ Kf8 43.Rxh7
Rc1+ 44.Kg2 {#r} 1-0

[Event "12th American Continental"]
[Site "Medellin COL"]
[Date "2017.06.15"]
[Round "8.49"]
[White "Cueto,Jose"]
[Black "Markzon,G"]
[Result "1-0"]
[WhiteElo "2071"]
[BlackElo "2222"]

1.e4 c5 2.Ne2 d6 3.g3 g6 4.Bg2 Bg7 5.c3 e5 6.d4 exd4 7.cxd4 Nc6 8.dxc5 dxc5
9.Qxd8+ Nxd8 10.Nbc3 Ne6 11.Be3 Nf6 12.h3 O-O 13.f4 Nd7 14.O-O-O c4 15.Nd4
Nec5 16.e5 Nd3+ 17.Kb1 N7c5 18.Bd5 Rd8 19.Bxc4 Nb4 20.g4 b5 21.Ndxb5 Bb7
22.Bxc5 Bxh1 23.Rxh1 Rdc8 24.Bxf7+ Kxf7 25.Nd6+ Ke6 26.Bxb4 Rf8 27.Ne2 g5
28.Nf5 {#r} 1-0

[Event "12th American Continental"]
[Site "Medellin COL"]
[Date "2017.06.15"]
[Round "8.52"]
[White "Ruiz Aguilar,P"]
[Black "Florez,C"]
[Result "1-0"]
[WhiteElo "2206"]
[BlackElo "2039"]

1.e4 c5 2.Nf3 g6 3.d4 cxd4 4.Nxd4 Nc6 5.Nc3 Bg7 6.Be3 Nf6 7.Bc4 Qa5 8.O-O O-O
9.Bb3 d6 10.h3 Bd7 11.f4 Qh5 12.Qd2 b5 13.Bd5 Nxd4 14.Bxa8 b4 15.Qxd4 bxc3
16.e5 cxb2 17.Qxb2 Rxa8 18.exf6 Bxf6 19.Bd4 Bb5 20.Rfb1 Bxd4+ 21.Qxd4 Bc6
22.Re1 e6 23.Qxd6 Bd5 24.Rab1 Qh4 25.Rb8+ Rxb8 26.Qxb8+ Kg7 27.Qe5+ f6 28.Qe3
a6 29.a3 f5 30.c4 Bxc4 31.Rc1 Bd5 32.Rc7+ Kh6 33.Qe5 {#r} 1-0

[Event "12th American Continental"]
[Site "Medellin COL"]
[Date "2017.06.15"]
[Round "8.57"]
[White "Cano,L"]
[Black "Arango,A"]
[Result "1-0"]
[WhiteElo "2264"]
[BlackElo "2103"]

1.e4 c5 2.Nc3 Nc6 3.g3 g6 4.Bg2 Bg7 5.Nge2 e6 6.d3 Nge7 7.O-O d5 8.Bg5 d4
9.Nb1 h6 10.Bc1 e5 11.Nd2 g5 12.a4 Be6 13.b3 Ng6 14.Nc4 Qd7 15.f4 gxf4 16.gxf4
f5 17.exf5 Bxf5 18.fxe5 Bxe5 19.Ng3 Bxg3 20.hxg3 O-O-O 21.Qh5 Nce7 22.Rxf5
Nxf5 23.Qxg6 Rhg8 24.Qh5 Rxg3 25.Bf4 Rg7 26.Kh2 Qf7 27.Qxf7 Rxf7 28.Bh3 Rff8
29.Be5 {#r} 1-0

[Event "12th American Continental"]
[Site "Medellin COL"]
[Date "2017.06.15"]
[Round "8.58"]
[White "Soto,Christian Camilo"]
[Black "Estrada Nieto,J"]
[Result "1-0"]
[WhiteElo "2102"]
[BlackElo "2263"]

1.c4 e5 2.Nc3 Nf6 3.Nf3 Nc6 4.d4 exd4 5.Nxd4 Bb4 6.e3 O-O 7.Be2 Re8 8.O-O Bxc3
9.bxc3 Ne5 10.Ba3 d6 11.c5 dxc5 12.Bxc5 Ne4 13.Ba3 Nxc3 14.Qd2 Nxe2+ 15.Qxe2
c6 16.Rab1 Qf6 17.Rfc1 b5 18.Bb2 Qg6 19.Ba1 Nc4 20.Rb3 a6 21.a4 Bd7 22.Re1 c5
23.Nf3 Bc6 24.Nh4 Qe4 25.f4 Qe6 26.Rc3 Rad8 27.Qf2 Nd2 28.Rxc5 Nb3 29.Re5 Qd7
30.axb5 axb5 31.Rxe8+ Rxe8 32.Bb2 f6 33.Qc2 Na5 34.Bd4 Nc4 35.Qf5 Qb7 36.Qc5
Be4 37.Ra1 Rc8 38.Qa7 {#r} 1-0

[Event "12th American Continental"]
[Site "Medellin COL"]
[Date "2017.06.15"]
[Round "8.59"]
[White "Saltos Velez,A"]
[Black "Mateus,Al"]
[Result "0-1"]
[WhiteElo "2099"]
[BlackElo "2255"]

1.e4 c5 2.c3 d5 3.exd5 Qxd5 4.d4 Nf6 5.Nf3 e6 6.Na3 Nc6 7.Nb5 Qd8 8.dxc5 Bxc5
9.Qxd8+ Kxd8 10.b4 Bb6 11.Nd6 Ke7 12.Nc4 Ne4 13.Nxb6 axb6 14.Bb2 Rd8 15.Be2 f6
16.a3 e5 17.Rd1 Rxd1+ 18.Bxd1 b5 19.Bc2 Nd6 20.Bxh7 Nc4 21.Bc1 Nxa3 22.O-O Nc4
23.Re1 Be6 24.Be4 Nd6 25.Bb1 Bf5 26.Be3 Bxb1 27.Rxb1 Ne4 28.Rc1 Ke6 29.h4 Ra4
30.g4 Ne7 31.Nd2 Nxd2 32.Bxd2 Nd5 33.Kg2 Ra2 34.Be1 {#R} 0-1

[Event "12th American Continental"]
[Site "Medellin COL"]
[Date "2017.06.15"]
[Round "8.60"]
[White "Brito,L"]
[Black "Sanchez,Jor"]
[Result "1-0"]
[WhiteElo "2250"]
[BlackElo "2092"]

1.e4 c5 2.Nf3 Nc6 3.Nc3 g6 4.d4 cxd4 5.Nxd4 Bg7 6.Be3 Nf6 7.Bc4 O-O 8.Bb3 d6
9.f3 Bd7 10.Qd2 Ne5 11.h4 h5 12.Bg5 Qa5 13.O-O-O Rfc8 14.Kb1 Rxc3 15.Qxc3 Qxc3
16.bxc3 Rc8 17.Ne2 a5 18.a4 b5 19.axb5 Bxb5 20.Nf4 a4 21.Ba2 Rb8 22.Ka1 Nc6
23.e5 Nxe5 24.Bxf6 Bxf6 25.Nd5 Bg7 26.Nxe7+ Kf8 27.Nd5 Nc6 28.Rb1 Ne7 29.Rhd1
Nxd5 30.Bxd5 Bxc3+ 31.Ka2 Kg7 32.g3 Be5 33.f4 Bxf4 34.Be4 {#r} 1-0

[Event "12th American Continental"]
[Site "Medellin COL"]
[Date "2017.06.15"]
[Round "8.61"]
[White "Garavito,M"]
[Black "Okamura,M"]
[Result "1-0"]
[WhiteElo "2247"]
[BlackElo "2085"]

1.d4 d5 2.Nf3 Nf6 3.c4 c6 4.Nc3 e6 5.g3 dxc4 6.Bg2 b5 7.Ne5 a6 8.O-O Bb7 9.e4
Be7 10.Be3 Nbd7 11.f4 O-O 12.Qe2 Qc7 13.Rad1 Nxe5 14.fxe5 Nd7 15.Qg4 Kh8
16.Qh5 Kg8 17.Bh3 g6 18.Qh6 Rad8 19.Rf2 Bc8 20.Rdf1 Nxe5 21.dxe5 Qxe5 22.Bf4
Qg7 23.e5 Bc5 24.Ne4 Bxf2+ 25.Kxf2 Rd3 26.Nf6+ Kh8 27.Qh4 Rd4 28.Bh6 Rxh4
29.Bxg7+ Kxg7 30.gxh4 Rd8 31.Bg4 h5 32.Rd1 Rxd1 33.Bxd1 {#r} 1-0

[Event "12th American Continental"]
[Site "Medellin COL"]
[Date "2017.06.15"]
[Round "8.63"]
[White "Caceres Vasquez,S"]
[Black "Blandon Villa,D"]
[Result "0-1"]
[WhiteElo "2094"]
[BlackElo "2220"]

1.d4 Nf6 2.c4 g6 3.Nc3 d5 4.Bf4 Bg7 5.e3 O-O 6.Nf3 c5 7.dxc5 Qa5 8.Rc1 dxc4
9.Bxc4 Qxc5 10.Bb3 Nc6 11.O-O Qh5 12.h3 h6 13.Bg3 g5 14.Nh2 g4 15.Nxg4 Bxg4
16.hxg4 Nxg4 17.Qf3 Kh8 18.Rfd1 f5 19.Qe2 Be5 20.f4 Bc7 21.Rd7 Rac8 22.Re1 Bb6
23.Qf3 Rfd8 24.Rxd8+ Rxd8 25.Nd5 Bc5 26.Bc4 e6 27.Nc7 Nd4 28.exd4 Rxd4 29.Nxe6
Rxf4+ 30.Nxc5 Rxf3 31.gxf3 Qh3 32.Re8+ Kh7 33.Bd6 Qxf3 34.Bg8+ Kg6 35.Bb3 Qf2+
36.Kh1 Qf1# 0-1

[Event "12th American Continental"]
[Site "Medellin COL"]
[Date "2017.06.15"]
[Round "8.64"]
[White "Brizuela Abreu,Reivis Gabriel"]
[Black "Vallejo,Humberto"]
[Result "0-1"]
[WhiteElo "2219"]
[BlackElo "2059"]

1.d4 c5 2.d5 Nf6 3.c4 g6 4.Nc3 Bg7 5.e4 O-O 6.Nf3 d6 7.h3 e6 8.Bd3 exd5 9.exd5
Re8+ 10.Be3 Nh5 11.O-O f5 12.Qd2 Nd7 13.Rfe1 Ne5 14.Be2 Nf7 15.Bd3 Bd7 16.Ng5
Rxe3 17.Qxe3 Nxg5 18.Be2 Bd4 19.Qd2 Ng3 20.Bd3 Qf6 21.Kh2 N3e4 22.Bxe4 Bxc3
23.bxc3 Nxe4 24.Qb2 b6 25.Rac1 Qh4 26.g3 Qh6 27.Kg2 f4 28.h4 Nd2 29.Re7 f3+
30.Kh2 Nxc4 31.Qc2 Bf5 32.Qd1 Qh5 33.Qe1 Ne5 {#R} 0-1